[Event "2024 US National High School (K-12) Championship"]
[Site "Baltimore, Maryland, United States"]
[Date "2024.04.06"]
[Round "3.24"]
[White "Bhattacharjee, Aharshi"]
[Black "Krishnan, Shreyas"]
[Result "0-1"]
[TimeControl "G/90; d10"]
[WhiteFideId "39932117"]
[BlackFideId "30996686"]
[WhiteElo "1582"]
[BlackElo "1384"]

1. c4 {[%clk 01:30:00]} {[%emt 00:00:04]} e6 {[%clk 01:29:28]} {[%emt
00:00:55]} 2. g3 {[%clk 01:30:00]} {[%emt 00:00:04]} Nf6 {[%clk 01:28:21]}
{[%emt 00:01:03]} 3. Nf3 {[%clk 01:30:00]} {[%emt 00:00:06]} d5 {[%clk
01:27:58]} {[%emt 00:00:29]} 4. Bg2 {[%clk 01:29:41]} {[%emt 00:00:29]} Nc6
{[%clk 01:26:26]} {[%emt 00:01:41]} 5. O-O {[%clk 01:27:49]} {[%emt 00:02:02]}
Bd6 {[%clk 01:25:11]} {[%emt 00:01:26]} 6. cxd5 {[%clk 01:26:38]} {[%emt
00:01:46]} exd5 {[%clk 01:24:59]} {[%emt 00:00:07]} 7. d4 {[%clk 01:25:56]}
{[%emt 00:00:45]} O-O {[%clk 01:24:01]} {[%emt 00:01:38]} 8. Nc3 {[%clk
01:25:47]} {[%emt 00:00:08]} Re8 {[%clk 01:21:03]} {[%emt 00:03:12]} 9. Bg5
{[%clk 01:24:54]} {[%emt 00:00:36]} Be7 {[%clk 01:18:16]} {[%emt 00:02:59]} 10.
Qb3 {[%clk 01:20:16]} {[%emt 00:04:48]} Na5 {[%clk 01:16:41]} {[%emt 00:01:44]}
11. Qc2 {[%clk 01:17:55]} {[%emt 00:02:27]} h6 {[%clk 01:16:01]} {[%emt
00:01:05]} 12. Bxf6 {[%clk 01:16:51]} {[%emt 00:01:12]} Bxf6 {[%clk 01:15:55]}
{[%emt 00:00:33]} 13. e3 {[%clk 01:16:26]} {[%emt 00:00:30]} Nc4 {[%clk
01:15:02]} {[%emt 00:00:52]} 14. Rfc1 {[%clk 01:15:04]} {[%emt 00:01:19]} c6
{[%clk 01:14:07]} {[%emt 00:01:08]} 15. e4 {[%clk 01:06:51]} {[%emt 00:08:23]}
Nb6 {[%clk 01:07:49]} {[%emt 00:06:50]} 16. e5 {[%clk 01:03:38]} {[%emt
00:03:02]} Be7 {[%clk 01:03:55]} {[%emt 00:03:32]} 17. Ne2 {[%clk 01:00:02]}
{[%emt 00:04:16]} Bf8 {[%clk 01:01:25]} {[%emt 00:02:43]} 18. a4 {[%clk
00:56:23]} {[%emt 00:03:47]} a5 {[%clk 01:00:19]} {[%emt 00:01:15]} 19. Ne1
{[%clk 00:52:11]} {[%emt 00:04:20]} g6 {[%clk 00:59:30]} {[%emt 00:00:59]} 20.
f4 {[%clk 00:48:30]} {[%emt 00:03:54]} Bf5 {[%clk 00:58:38]} {[%emt 00:01:00]}
21. Qb3 {[%clk 00:46:30]} {[%emt 00:02:10]} Rb8 {[%clk 00:47:47]} {[%emt
00:11:01]} 22. h3 {[%clk 00:44:15]} {[%emt 00:02:26]} h5 {[%clk 00:46:39]}
{[%emt 00:01:16]} 23. Nf3 {[%clk 00:41:39]} {[%emt 00:02:48]} Be7 {[%clk
00:45:02]} {[%emt 00:01:55]} 24. Kh2 {[%clk 00:39:30]} {[%emt 00:02:27]} Nc4
{[%clk 00:44:24]} {[%emt 00:00:30]} 25. Nc3 {[%clk 00:37:40]} {[%emt 00:02:05]}
Ne3 {[%clk 00:42:51]} {[%emt 00:01:51]} 26. Nd1 {[%clk 00:37:03]} {[%emt
00:00:33]} Nxg2 {[%clk 00:40:54]} {[%emt 00:02:08]} 27. Kxg2 {[%clk 00:37:00]}
{[%emt 00:00:17]} Qd7 {[%clk 00:39:02]} {[%emt 00:01:59]} 28. Nf2 {[%clk
00:36:37]} {[%emt 00:00:36]} Rec8 {[%clk 00:38:08]} {[%emt 00:01:03]} 29. Qe3
{[%clk 00:29:52]} {[%emt 00:06:55]} Kg7 {[%clk 00:36:31]} {[%emt 00:01:48]} 30.
Nd2 {[%clk 00:28:14]} {[%emt 00:01:54]} Bb4 {[%clk 00:35:24]} {[%emt 00:01:06]}
31. Nf3 {[%clk 00:27:59]} {[%emt 00:00:52]} Be7 {[%clk 00:35:08]} {[%emt
00:00:03]} 32. Nd2 {[%clk 00:27:47]} {[%emt 00:00:20]} Bb4 {[%clk 00:34:26]}
{[%emt 00:00:52]} 33. Nb3 {[%clk 00:27:11]} {[%emt 00:00:43]} Ra8 {[%clk
00:32:03]} {[%emt 00:02:34]} 34. Qf3 {[%clk 00:26:32]} {[%emt 00:01:27]} Rh8
{[%clk 00:30:48]} {[%emt 00:00:48]} 35. Rh1 {[%clk 00:25:09]} {[%emt 00:01:34]}
Rac8 {[%clk 00:29:37]} {[%emt 00:01:20]} 36. g4 {[%clk 00:23:36]} {[%emt
00:01:43]} hxg4 {[%clk 00:29:31]} {[%emt 00:00:31]} 37. hxg4 {[%clk 00:23:36]}
Be4 {[%clk 00:29:20]} {[%emt 00:00:10]} 38. Nxe4 {[%clk 00:23:36]} {[%emt
00:00:40]} dxe4 {[%clk 00:29:18]} {[%emt 00:00:07]} 39. Qg3 {[%clk 00:22:45]}
{[%emt 00:00:40]} e3 {[%clk 00:28:57]} {[%emt 00:00:32]} 40. Qxe3 {[%clk
00:22:15]} {[%emt 00:00:35]} Qxg4+ {[%clk 00:28:57]} {[%emt 00:00:10]} 41. Qg3
{[%clk 00:22:01]} {[%emt 00:00:35]} Qe2+ {[%clk 00:26:55]} {[%emt 00:01:56]} 42.
Qf2 {[%clk 00:21:44]} {[%emt 00:00:31]} Qe4+ {[%clk 00:26:25]} {[%emt
00:00:35]} 43. Qf3 {[%clk 00:21:32]} {[%emt 00:00:25]} Qc2+ {[%clk 00:25:09]}
{[%emt 00:01:24]} 44. Kg3 {[%clk 00:21:25]} {[%emt 00:00:19]} Qxb2 {[%clk
00:23:16]} {[%emt 00:02:00]} 45. f5 {[%clk 00:20:39]} {[%emt 00:00:59]} Qc3
{[%clk 00:21:50]} {[%emt 00:01:35]} 46. f6+ {[%clk 00:20:26]} {[%emt 00:00:23]}
Kg8 {[%clk 00:21:50]} {[%emt 00:00:15]} 47. Rxh8+ {[%clk 00:18:24]} {[%emt
00:02:03]} Kxh8 {[%clk 00:21:50]} {[%emt 00:00:15]} 48. Qxc3 {[%clk 00:17:31]}
{[%emt 00:00:53]} Bxc3 {[%clk 00:21:45]} {[%emt 00:00:44]} 49. Rc1 {[%clk
00:17:29]} Bb4 {[%clk 00:21:07]} {[%emt 00:00:52]} 50. d5 {[%clk 00:16:50]}
{[%emt 00:00:33]} Re8 {[%clk 00:17:18]} {[%emt 00:03:56]} 51. dxc6 {[%clk
00:14:41]} {[%emt 00:02:16]} bxc6 {[%clk 00:17:18]} {[%emt 00:00:24]} 52. Kf4
{[%clk 00:14:15]} {[%emt 00:00:15]} c5 {[%clk 00:16:55]} {[%emt 00:00:32]} 53.
Ke4 {[%clk 00:14:03]} {[%emt 00:00:27]} Rc8 {[%clk 00:15:43]} {[%emt 00:01:17]}
54. Rc4 {[%clk 00:13:05]} {[%emt 00:01:09]} Kg8 {[%clk 00:15:09]} {[%emt
00:00:44]} 55. Kd5 {[%clk 00:12:46]} {[%emt 00:00:43]} Kf8 {[%clk 00:13:14]}
{[%emt 00:01:59]} 56. Rh4 {[%clk 00:11:31]} {[%emt 00:01:17]} Rd8+ {[%clk
00:12:17]} {[%emt 00:01:06]} 57. Kc6 {[%clk 00:10:26]} {[%emt 00:01:14]} Kg8
{[%clk 00:11:49]} {[%emt 00:01:24]} 58. Rc4 {[%clk 00:09:31]} {[%emt 00:00:47]}
Rd3 {[%clk 00:10:08]} {[%emt 00:01:55]} 59. Nxc5 {[%clk 00:09:14]} {[%emt
00:01:01]} Rc3 {[%clk 00:10:08]} 60. Rxc3 {[%clk 00:08:36]} {[%emt 00:00:28]}
Bxc3 {[%clk 00:10:08]} {[%emt 00:00:03]} 61. Kd5 {[%clk 00:08:30]} {[%emt
00:00:11]} Kh7 {[%clk 00:09:19]} {[%emt 00:01:10]} 62. Ne4 {[%clk 00:08:21]}
{[%emt 00:00:08]} Bb4 {[%clk 00:08:53]} {[%emt 00:00:36]} 63. Ng5+ {[%clk
00:08:03]} {[%emt 00:00:27]} Kg8 {[%clk 00:08:47]} {[%emt 00:00:18]} 64. e6
{[%clk 00:06:50]} {[%emt 00:01:21]} fxe6+ {[%clk 00:08:10]} {[%emt 00:00:48]}
65. Kxe6 {[%clk 00:06:50]} {[%emt 00:00:32]} Bf8 {[%clk 00:07:17]} {[%emt
00:00:34]} 66. f7+ {[%clk 00:05:25]} {[%emt 00:01:38]} Kg7 {[%clk 00:07:10]}
{[%emt 00:00:15]} 67. Kd7 {[%clk 00:05:25]} {[%emt 00:00:11]} 0-1

[Event "2024 US National High School (K-12) Championship"]
[Site "Baltimore, Maryland, United States"]
[Date "2024.04.06"]
[Round "3.25"]
[White "Chen, Grace"]
[Black "Kogan, Jonathan"]
[Result "0-1"]
[TimeControl "G/90; d10"]
[WhiteElo "667"]
[BlackElo "798"]

1. e4 {[%clk 01:30:00]} e5 {[%clk 01:30:00]} {[%emt 00:00:04]} 2. Nf3 {[%clk
01:30:00]} {[%emt 00:00:02]} Nc6 {[%clk 01:30:00]} {[%emt 00:00:05]} 3. Bc4
{[%clk 01:30:00]} {[%emt 00:00:07]} Bc5 {[%clk 01:29:57]} {[%emt 00:00:13]} 4.
c3 {[%clk 01:30:00]} {[%emt 00:00:05]} Nf6 {[%clk 01:29:57]} {[%emt 00:00:05]}
5. d4 {[%clk 01:29:59]} {[%emt 00:00:12]} exd4 {[%clk 01:29:53]} {[%emt
00:00:14]} 6. cxd4 {[%clk 01:29:59]} {[%emt 00:00:08]} Bb4+ {[%clk 01:29:53]}
{[%emt 00:00:07]} 7. Bd2 {[%clk 01:29:58]} {[%emt 00:00:10]} Nxe4 {[%clk
01:29:32]} {[%emt 00:00:30]} 8. Bxb4 {[%clk 01:29:40]} {[%emt 00:00:28]} Nxb4
{[%clk 01:29:27]} {[%emt 00:00:15]} 9. Nbd2 {[%clk 01:28:34]} {[%emt 00:01:12]}
Nxd2 {[%clk 01:28:29]} {[%emt 00:01:13]} 10. Qxd2 {[%clk 01:28:26]} {[%emt
00:00:17]} Qe7+ {[%clk 01:28:21]} {[%emt 00:00:19]} 11. Be2 {[%clk 01:26:24]}
{[%emt 00:04:20]} d5 {[%clk 01:27:51]} {[%emt 00:00:39]} 12. h3 {[%clk
01:25:50]} {[%emt 00:00:44]} O-O {[%clk 01:27:43]} {[%emt 00:00:11]} 13. O-O
{[%clk 01:25:31]} {[%emt 00:00:37]} Re8 {[%clk 01:27:32]} {[%emt 00:00:22]} 14.
Rfe1 {[%clk 01:25:12]} {[%emt 00:00:27]} Nc6 {[%clk 01:27:02]} {[%emt
00:00:41]} 15. Bd3 {[%clk 01:23:50]} {[%emt 00:01:31]} Qd8 {[%clk 01:26:38]}
{[%emt 00:00:34]} 16. Rxe8+ {[%clk 01:23:50]} {[%emt 00:00:10]} Qxe8 {[%clk
01:26:38]} {[%emt 00:00:02]} 17. Re1 {[%clk 01:23:40]} {[%emt 00:00:19]} Qd8
{[%clk 01:26:27]} {[%emt 00:00:20]} 18. Qe2 {[%clk 01:22:12]} {[%emt 00:01:38]}
Be6 {[%clk 01:26:27]} {[%emt 00:00:07]} 19. Ng5 {[%clk 01:21:48]} {[%emt
00:00:34]} Qxg5 {[%clk 01:26:03]} {[%emt 00:00:34]} 20. g4 {[%clk 01:13:16]}
{[%emt 00:08:41]} Nxd4 {[%clk 01:25:53]} {[%emt 00:00:20]} 21. Qe3 {[%clk
01:09:43]} {[%emt 00:03:39]} Qxe3 {[%clk 01:25:50]} {[%emt 00:00:17]} 22. Rxe3
{[%clk 01:06:27]} {[%emt 00:04:08]} g6 {[%clk 01:25:29]} {[%emt 00:00:32]} 23.
Kg2 {[%clk 01:02:08]} {[%emt 00:04:28]} c5 {[%clk 01:25:25]} {[%emt 00:00:14]}
24. b3 {[%clk 00:52:25]} {[%emt 00:09:53]} Rc8 {[%clk 01:25:18]} {[%emt
00:00:17]} 25. Be2 {[%clk 00:51:33]} {[%emt 00:00:58]} Rc6 {[%clk 01:25:11]}
{[%emt 00:00:21]} 26. Kg3 {[%clk 00:44:03]} {[%emt 00:07:38]} g5 {[%clk
01:24:56]} {[%emt 00:00:27]} 27. h4 {[%clk 00:43:24]} {[%emt 00:00:49]} f6
{[%clk 01:24:40]} {[%emt 00:00:26]} 28. f4 {[%clk 00:41:27]} {[%emt 00:02:07]}
h6 {[%clk 01:24:06]} {[%emt 00:00:44]} 29. fxg5 {[%clk 00:41:16]} {[%emt
00:00:20]} hxg5 {[%emt 00:00:26]} 30. hxg5 {[%emt 00:00:11]} fxg5 {[%clk
01:23:29]} {[%emt 00:00:07]} 31. Re5 {[%clk 00:39:05]} {[%emt 00:02:23]} Kf7
{[%clk 01:23:29]} {[%emt 00:00:10]} 32. Bf3 {[%clk 00:37:01]} {[%emt 00:02:13]}
Nxf3 {[%emt 00:00:23]} 33. Kxf3 {[%emt 00:00:19]} Kf6 {[%clk 01:22:45]} {[%emt
00:02:11]} 34. Re1 {[%clk 00:32:21]} {[%emt 00:04:50]} c4 {[%clk 01:22:45]}
{[%emt 00:00:11]} 35. bxc4 {[%clk 00:31:20]} {[%emt 00:01:11]} dxc4 {[%clk
01:22:45]} {[%emt 00:00:06]} 36. Rc1 {[%clk 00:30:21]} {[%emt 00:01:09]} b5
{[%clk 01:22:44]} {[%emt 00:00:11]} 37. Kg3 {[%clk 00:28:46]} {[%emt 00:01:44]}
c3 {[%clk 01:22:43]} {[%emt 00:00:12]} 38. a3 {[%clk 00:28:02]} {[%emt
00:00:55]} c2 {[%clk 01:22:43]} {[%emt 00:00:08]} 39. Rf1+ {[%clk 00:26:40]}
{[%emt 00:01:32]} Ke7 {[%clk 01:22:40]} {[%emt 00:00:13]} 40. Re1 {[%clk
00:25:51]} {[%emt 00:00:59]} c1=Q {[%clk 01:22:29]} {[%emt 00:00:18]} 41. Rxc1
{[%clk 00:25:51]} {[%emt 00:00:09]} Rxc1 {[%clk 01:22:29]} {[%emt 00:00:06]} 42.
Kf2 {[%clk 00:25:41]} {[%emt 00:00:17]} Rc3 {[%clk 01:22:29]} {[%emt 00:00:10]}
43. a4 {[%clk 00:24:16]} {[%emt 00:01:35]} bxa4 {[%clk 01:22:29]} {[%emt
00:00:09]} 44. Kg2 {[%clk 00:24:14]} {[%emt 00:00:13]} Bd5+ {[%clk 01:22:29]}
{[%emt 00:00:11]} 45. Kf2 {[%clk 00:23:48]} {[%emt 00:00:35]} Rf3+ {[%clk
01:22:19]} {[%emt 00:00:20]} 46. Kg2 {[%clk 00:23:41]} {[%emt 00:00:17]} a3
{[%clk 01:22:03]} {[%emt 00:00:26]} 47. Kh2 {[%clk 00:23:34]} {[%emt 00:00:16]}
a2 {[%clk 01:21:55]} {[%emt 00:00:19]} 48. Kg2 {[%clk 00:23:00]} {[%emt
00:01:07]} a1=Q {[%clk 01:21:45]} {[%emt 00:00:17]} 49. Kh2 {[%clk 00:22:52]}
{[%emt 00:00:21]} Qb2+ {[%clk 01:21:34]} {[%emt 00:00:22]} 50. Kg1 {[%clk
00:22:39]} {[%emt 00:00:22]} Qf2+ {[%clk 01:21:24]} {[%emt 00:00:20]} 51. Kh1
{[%clk 00:22:36]} {[%emt 00:00:13]} Rf5# {[%clk 01:21:21]} {[%emt 00:00:13]}
0-1

[Event "2024 US National High School (K-12) Championship"]
[Site "Baltimore, Maryland, United States"]
[Date "2024.04.06"]
[Round "3.26"]
[White "Malhotra, Devansh"]
[Black "Thomas, Richard"]
[Result "0-1"]
[TimeControl "G/90; d10"]
[WhiteElo "667"]
[BlackElo "794"]

1. e4 {[%clk 01:30:00]} {[%emt 00:00:02]} e5 {[%clk 01:30:00]} {[%emt
00:00:08]} 2. Nf3 {[%clk 01:29:56]} {[%emt 00:00:14]} Nc6 {[%clk 01:30:00]}
{[%emt 00:00:11]} 3. Bc4 {[%clk 01:29:52]} {[%emt 00:00:12]} Bc5 {[%clk
01:29:56]} {[%emt 00:00:15]} 4. c3 {[%clk 01:29:44]} {[%emt 00:00:19]} d6
{[%clk 01:29:42]} {[%emt 00:00:25]} 5. O-O {[%clk 01:29:15]} {[%emt 00:00:38]}
Nf6 {[%clk 01:29:15]} {[%emt 00:00:37]} 6. d4 {[%clk 01:29:15]} {[%emt
00:00:10]} exd4 {[%clk 01:29:14]} {[%emt 00:00:10]} 7. cxd4 {[%clk 01:29:10]}
{[%emt 00:00:14]} Bb6 {[%clk 01:27:53]} {[%emt 00:01:32]} 8. Qa4 {[%clk
01:28:25]} {[%emt 00:00:54]} O-O {[%clk 01:27:37]} {[%emt 00:00:27]} 9. Re1
{[%clk 01:28:00]} {[%emt 00:00:33]} Nxd4 {[%clk 01:26:53]} {[%emt 00:00:54]} 10.
Nxd4 {[%clk 01:27:19]} {[%emt 00:00:51]} Bxd4 {[%clk 01:26:53]} {[%emt
00:00:11]} 11. Bxf7+ {[%clk 01:27:04]} {[%emt 00:00:24]} Rxf7 {[%clk 01:26:30]}
{[%emt 00:00:35]} 12. Qxd4 {[%clk 01:26:54]} {[%emt 00:00:17]} c5 {[%clk
01:25:37]} {[%emt 00:01:05]} 13. Qc4 {[%clk 01:26:13]} {[%emt 00:00:51]} Qe7
{[%clk 01:22:44]} {[%emt 00:03:03]} 14. Nc3 {[%clk 01:25:44]} {[%emt 00:00:39]}
Be6 {[%clk 01:21:38]} {[%emt 00:01:16]} 15. Qd3 {[%clk 01:25:17]} {[%emt
00:00:37]} c4 {[%clk 01:18:29]} {[%emt 00:03:19]} 16. Qg3 {[%clk 01:24:11]}
{[%emt 00:01:15]} Nh5 {[%clk 01:15:59]} {[%emt 00:02:40]} 17. Qg5 {[%clk
01:23:28]} {[%emt 00:00:50]} Qxg5 {[%clk 01:14:31]} {[%emt 00:01:42]} 18. Bxg5
{[%clk 01:23:12]} {[%emt 00:00:24]} h6 {[%clk 01:14:13]} {[%emt 00:00:30]} 19.
Be3 {[%clk 01:21:59]} {[%emt 00:01:21]} Rd8 {[%clk 01:12:50]} {[%emt 00:01:36]}
20. Rad1 {[%clk 01:21:27]} {[%emt 00:00:41]} a6 {[%clk 01:11:31]} {[%emt
00:01:30]} 21. e5 {[%clk 01:20:50]} {[%emt 00:00:47]} d5 {[%clk 01:10:42]}
{[%emt 00:01:00]} 22. Ne4 {[%clk 01:20:14]} {[%emt 00:00:45]} Rf5 {[%clk
01:07:17]} {[%emt 00:03:35]} 23. g4 {[%clk 01:19:53]} {[%emt 00:00:32]} Rxe5
{[%clk 01:07:04]} {[%emt 00:00:23]} 24. Nc5 {[%clk 01:17:03]} {[%emt 00:03:01]}
Bxg4 {[%clk 01:06:16]} {[%emt 00:00:57]} 25. Rd4 {[%clk 01:15:02]} {[%emt
00:02:11]} Bc8 {[%clk 01:02:07]} {[%emt 00:04:19]} 26. Na4 {[%clk 01:12:37]}
{[%emt 00:02:34]} Rd6 {[%clk 01:00:14]} {[%emt 00:02:03]} 27. Nc3 {[%clk
01:11:14]} {[%emt 00:01:34]} Rg6+ {[%clk 00:59:26]} {[%emt 00:00:58]} 28. Kf1
{[%clk 01:10:58]} {[%emt 00:00:26]} Bh3+ {[%clk 00:58:44]} {[%emt 00:00:51]} 29.
Ke2 {[%clk 01:10:43]} {[%emt 00:00:26]} Rg4 {[%clk 00:56:47]} {[%emt 00:02:06]}
30. Rxd5 {[%clk 01:10:00]} {[%emt 00:00:47]} Nf4+ {[%clk 00:56:37]} {[%emt
00:00:28]} 31. Kf3 {[%clk 01:09:37]} {[%emt 00:00:33]} Nxd5 {[%clk 00:56:05]}
{[%emt 00:00:42]} 32. Ne2 {[%clk 01:08:59]} {[%emt 00:00:47]} Rf5+ {[%clk
00:55:37]} {[%emt 00:00:39]} 33. Bf4 {[%clk 01:08:33]} {[%emt 00:00:36]} Nxf4
{[%clk 00:55:17]} {[%emt 00:00:29]} 34. Ng1 {[%clk 01:07:54]} {[%emt 00:00:48]}
Nd3+ {[%clk 00:55:01]} {[%emt 00:00:28]} 35. Ke2 {[%clk 01:07:44]} {[%emt
00:00:21]} Nxe1 {[%clk 00:55:00]} {[%emt 00:00:11]} 36. Kxe1 {[%clk 01:07:37]}
{[%emt 00:00:10]} Rxg1+ {[%clk 00:55:00]} {[%emt 00:00:10]} 37. Ke2 {[%clk
01:07:37]} {[%emt 00:00:08]} Rf1 {[%clk 00:54:32]} {[%emt 00:00:40]} 38. Ke3
{[%clk 01:07:37]} {[%emt 00:00:08]} R1xf2 {[%clk 00:54:09]} {[%emt 00:00:32]}
39. Kd4 {[%clk 01:07:37]} {[%emt 00:00:10]} Rxb2 {[%clk 00:52:37]} {[%emt
00:01:41]} 40. Kxc4 {[%clk 01:07:37]} {[%emt 00:00:03]} Rxa2 {[%clk 00:51:55]}
{[%emt 00:00:52]} 41. Kd4 {[%clk 01:07:31]} {[%emt 00:00:16]} Rxh2 {[%clk
00:51:43]} {[%emt 00:00:22]} 42. Ke4 {[%clk 01:06:32]} {[%emt 00:01:24]} Re2+
{[%clk 00:51:43]} {[%emt 00:00:27]} 43. Kd3 {[%clk 01:06:25]} {[%emt 00:00:17]}
Bg4 {[%clk 00:51:25]} {[%emt 00:00:27]} 44. Kd4 {[%clk 01:05:23]} {[%emt
00:01:12]} h5 {[%clk 00:51:05]} {[%emt 00:00:31]} 45. Kd3 {[%clk 01:05:23]}
{[%emt 00:00:09]} h4 {[%clk 00:50:53]} {[%emt 00:00:23]} 46. Kd4 {[%clk
01:05:23]} {[%emt 00:00:05]} h3 {[%clk 00:50:53]} {[%emt 00:00:10]} 47. Kd3
{[%clk 01:05:23]} {[%emt 00:00:02]} h2 {[%clk 00:50:53]} {[%emt 00:00:07]} 48.
Kd4 {[%clk 01:05:21]} {[%emt 00:00:12]} h1=Q {[%clk 00:50:47]} {[%emt
00:00:13]} 49. Kc3 {[%clk 01:05:21]} {[%emt 00:00:07]} Qf3+ {[%clk 00:50:46]}
{[%emt 00:00:11]} 50. Kb4 {[%clk 01:05:21]} {[%emt 00:00:05]} Re4# {[%clk
00:50:38]} {[%emt 00:00:16]} 0-1

[Event "2024 US National High School (K-12) Championship"]
[Site "Baltimore, Maryland, United States"]
[Date "2024.04.06"]
[Round "3.27"]
[White "Li, Valen"]
[Black "Zhu, Aiden"]
[Result "0-1"]
[TimeControl "G/90; d10"]
[WhiteElo "1199"]
[BlackElo "1024"]

1. e4 {[%clk 01:30:00]} {[%emt 00:00:05]} e5 {[%clk 01:30:00]} {[%emt
00:00:07]} 2. Nf3 {[%clk 01:30:00]} {[%emt 00:00:04]} Nc6 {[%clk 01:30:00]}
{[%emt 00:00:10]} 3. d4 {[%clk 01:30:00]} {[%emt 00:00:04]} exd4 {[%clk
01:29:58]} {[%emt 00:00:11]} 4. Bc4 {[%clk 01:30:00]} {[%emt 00:00:04]} Bc5
{[%clk 01:29:36]} {[%emt 00:00:32]} 5. c3 {[%clk 01:30:00]} {[%emt 00:00:03]}
dxc3 {[%clk 01:29:09]} {[%emt 00:00:37]} 6. Bxf7+ {[%clk 01:30:00]} {[%emt
00:00:06]} Kxf7 {[%clk 01:28:27]} {[%emt 00:00:52]} 7. Qd5+ {[%clk 01:30:00]}
{[%emt 00:00:05]} Ke8 {[%clk 01:28:04]} {[%emt 00:00:34]} 8. Qh5+ {[%clk
01:30:00]} {[%emt 00:00:07]} g6 {[%clk 01:27:24]} {[%emt 00:00:49]} 9. Qxc5
{[%clk 01:29:59]} {[%emt 00:00:11]} c2 {[%emt 00:01:22]} 10. Qxc2 {[%emt
00:01:03]} Nge7 {[%clk 01:23:55]} {[%emt 00:01:15]} 11. O-O {[%clk 01:23:00]}
{[%emt 00:07:08]} d6 {[%clk 01:22:59]} {[%emt 00:01:07]} 12. h3 {[%clk
01:10:50]} {[%emt 00:12:20]} Rf8 {[%clk 01:21:35]} {[%emt 00:01:33]} 13. Qb3
{[%clk 01:00:34]} {[%emt 00:10:27]} h6 {[%clk 01:20:02]} {[%emt 00:01:43]} 14.
Bxh6 {[%clk 00:58:20]} {[%emt 00:02:24]} Rh8 {[%clk 01:17:00]} {[%emt
00:03:12]} 15. Bg7 {[%clk 00:51:40]} {[%emt 00:06:51]} Rh7 {[%clk 01:15:58]}
{[%emt 00:01:11]} 16. Bf6 {[%clk 00:49:33]} {[%emt 00:02:17]} Rf7 {[%clk
01:13:38]} {[%emt 00:02:30]} 17. Bg5 {[%clk 00:38:00]} {[%emt 00:11:43]} Na5
{[%clk 01:12:34]} {[%emt 00:01:14]} 18. Qc3 {[%clk 00:35:15]} {[%emt 00:02:54]}
Nac6 {[%clk 01:11:29]} {[%emt 00:01:16]} 19. Na3 {[%clk 00:30:59]} {[%emt
00:04:27]} Be6 {[%clk 01:09:11]} {[%emt 00:02:27]} 20. e5 {[%clk 00:29:30]}
{[%emt 00:01:39]} d5 {[%clk 01:08:50]} {[%emt 00:00:31]} 21. Nb5 {[%clk
00:26:39]} {[%emt 00:03:02]} a6 {[%clk 01:07:18]} {[%emt 00:01:41]} 22. Nbd4
{[%clk 00:25:52]} Nxd4 {[%clk 01:07:18]} 23. Nxd4 {[%clk 00:25:52]} Qc8 {[%clk
01:07:18]} 24. g4 {[%clk 00:25:52]} Bxg4 {[%clk 01:07:18]} 25. hxg4 {[%clk
00:25:52]} Qxg4+ {[%clk 01:07:18]} 26. Qg3 {[%clk 00:25:52]} Qxd4 {[%clk
01:07:18]} 27. Bxe7 {[%clk 00:25:52]} Rxe7 {[%clk 01:07:18]} 28. Qxg6+ {[%clk
00:25:52]} Kd7 {[%clk 01:07:18]} 29. Qf5+ {[%clk 00:25:52]} Kc6 {[%clk
01:07:18]} 30. Rac1+ {[%clk 00:25:52]} Kb5 {[%clk 01:07:18]} 31. Rfd1 {[%clk
00:25:52]} Qe4 {[%clk 01:07:18]} 32. Rf1 {[%clk 00:17:28]} {[%emt 00:18:58]}
0-1